| 000 | 01307nam a2200277Ia 4500 | ||
|---|---|---|---|
| 999 |
_c38359 _d38359 |
||
| 001 | 4369 | ||
| 003 | GE_BSU | ||
| 005 | 20191007115421.0 | ||
| 008 | 181216s1987||||ge |||||||||||||| ||geo|| | ||
| 040 | _cGE_BSU | ||
| 041 | _ageo | ||
| 080 | _a393(479.22) ო–91 | ||
| 100 |
_aოჩიაური, თ. _969 |
||
| 245 |
_aდაკრძალვის წესები ქართლში ძველად და ახლა / _cრედ. ი. სურგულაძე. |
||
| 260 | _aთბილისი | ||
| 260 | _bმეცნიერება | ||
| 260 | _c1987 | ||
| 300 |
_a37 გვ.; _b21 სმ. |
||
| 490 |
_aტრადიცია და თანამედროვეობა ; _vN19. |
||
| 504 | _aბიბლიოგრ. ტექსტის შენიშვნ. | ||
| 520 | _aრეზ. რუს. | ||
| 653 | _aდაკრძალვის წესები საქართველოში | ||
| 700 |
_aსურგულაძე, ი. _94570 |
||
| 710 |
_aსაქ. სსრ. მეცნ. აკად. სოციალურ და კულტურულ ტრადიციათა პრობლემების სამეცნ.–საკოორდინაციო ცენტრი. _94567 |
||
| 942 |
_cBK _2udc |
||